000 00461nam a2200169 i 4500
001 81089
003 ES-MaACL
005 20230906174352.0
007 t|
008 041102s1968 sp ac |||| | spa d
245 0 0 _aHollywood al desnudo /
_c[traducción F. Sesen].
260 _aBarcelona :
_bGeminis,
_c[1968]
300 _a276 p., 12 lám. ;
_c21 cm.
650 0 4 _aActores-
_xBiografías.
_99593
700 1 _aSesen, F.
_9105878
852 _aES-MaACL
_jC-34686
999 _c81089
_d81089